| 000 | 00333nam a2200109Ia 4500 | ||
|---|---|---|---|
| 008 | 200302s9999 xx 000 0 und d | ||
| 100 | _aMeine Pieter Van Dijk | ||
| 245 | _aManaging Cities in Developing countries the theory and practice of urban management | ||
| 260 | _bEdard Elgar Publishing Ink., | ||
| 260 | _c2006 | ||
| 300 | _a21 P., | ||
| 999 |
_c5412 _d5412 |
||